Molinete
Saved in:
| Hovedforfatter: | |
|---|---|
| Format: | Bog |
| Sprog: | spansk |
| Udgivet: |
Madrid
SM
1990
|
| Udgivelse: | 9a. ed |
| Serier: | El Barco de Vapor, 17
|
| Fag: | |
| Tags: |
Tilføj Tag
Ingen Tags, Vær først til at tagge denne postø!
|
MARC
| LEADER | 00000nam a2200000 a 4500 | ||
|---|---|---|---|
| 001 | UCH9756 | ||
| 003 | CL-VaPUC | ||
| 008 | 100121e19900800SP |||||||||||||||||spa|d | ||
| 020 | |a 8434813726 | ||
| 082 | 0 | 4 | |a 863 |b MAT |2 21 |
| 100 | |a Mateos, Pilar |e autora |9 547017 | ||
| 245 | 1 | 0 | |a Molinete |
| 250 | |a 9a. ed | ||
| 300 | |a 84 p | ||
| 942 | |c BK | ||
| 945 | |d 20100121 00:00:00 |a dcastane | ||
| 260 | |a Madrid |b SM |c 1990 | ||
| 650 | 0 | |a Literatura española |9 306261 | |
| 650 | 0 | |a Cuentos españoles |9 267960 | |
| 650 | 0 | |a Cuentos infantiles |9 308044 | |
| 583 | |a last modification |c 20100121 00:00:00 |k Rodrigo Vera | ||
| 490 | 0 | |a El Barco de Vapor, 17 | |
| 999 | |c 339646 |d 339644 | ||